000 02366nam0a2200409 4500
001 RU\NLR\bibl\1663089
005 20260408204341.0
010 _a978-5-903626-55-7
_9100
021 _aRU
_b2010-50175
_93315
035 _a(nilc)RSL-KNO-004702311
035 _a(NLR Aleph) 001654371
090 _a941906
_c941906
100 _a20100705d2009 |||y0rusy50 ca
101 0 _arus
102 _aRU
105 _aa |||||||||
200 1 _aКонцепция и программа развития ГОУ ХМАО - Югры для детей, нуждающихся в психолого-педагогической и медико-социальной помощи "Центр психолого-педагогической реабилитации и коррекции" на 2008-2012 гг.
_eпрактико-ориентированная монография
_fА.А. Дмитриев, Г.М. Котина, Л.И. Дмитриева
_gРос. Федерация, М-во образования и науки, ГОУ ВПО Тюмен. гос. ун-т
210 _aТюмень
_cТипография "Печатник"
_d2009
215 _a176 с.
_cил.
_d21
320 _aБиблиогр.: с. 164-165 (22 назв.)
601 0 2 _aЦентр психолого-педагогической реабилитации и коррекции
_cХанты-Мансийск, город
_3RU\NLR\auth\661568529
_92089706
606 1 _aДети "группы риска"
_xСоциальная помощь
_xПсихологические основы
_92212878
_3RU\NLR\auth\661329229
686 _aЧ430.4(2Р-4Тю-6Х),0
_2rubbk
686 _aС550.325.2
686 _aЮ984.0
686 _aЧ439.4(2)7
700 1 _4070
_8rus
_7ca
_aДмитриев
_bА. А.
_cпедагог
_f1948-
_gАлексей Андреевич
_3RU\NLR\auth\7724674
_92694213
701 1 _aКотина
_bГ. М.
_gГалина Михайловна
_4070
701 1 _aДмитриева
_bЛ. И.
_gЛюбовь Ивановна
_4070
801 0 _aRU
_bРГБ
_c20100705
_grcr
801 1 _aRU
_bРГБ
_c20100705
801 2 _aRU
_bNLR
_c20100811
_grcr
942 _cBOOK
980 _aNB
980 _aNBR